États des USA les plus septentrionaux - Statistiques

Statistiques générales
  • Ce quiz a été pris 82 fois
  • Le résultat moyen est 8 sur 10
Statistiques - réponses
Latitude État % Correct
71.4 °N Alaska
91%
49.0 °N Dakota du Nord
89%
49.0 °N Washington
89%
48.2 °N Michigan
86%
47.5 °N Maine
81%
49.0 °N Montana
75%
46.3 °N Oregon
69%
49.4 °N Minnesota
66%
49.0 °N Idaho
63%
47.3 °N Wisconsin
63%
Aucun quiz correspondant
Distribution des résultats
% des personnes avec chaque résultat
Percentile par nombre de réponses
Votre historique - résultats
Vous n’avez pas pris ce quiz